Gävle - Choix multiples - Statistiques

Statistiques générales
  • Ce quiz a été pris 7 fois
  • Le résultat moyen est 4 sur 10
Statistiques - réponses
Question Réponse % Correct
Qu'a-t-on remonté de l'épave du Jönköping en 1998, coulé à son départ du port de Gävle par la marine allemande lors de la guerre à outrance sous-marine, en 1916 ? Du champagne
71%
Laquelle de ces anecdotes insolite au sujet de Gävle est vraie ? Elle fut l'une des villes les plus touchées par la catastrophe de Tchernobyl hors d'URSS.
71%
Laquelle de ces villes se situe à la même latitude que Gävle ? Helsinki
57%
Lequel de ces bâtiments est le Grand Hôtel de Gävle ?
43%
Sur quelle activité la monarchie suédoise accorda-t-elle un monopole régional à Gävle de 1557 à 1776 ? La pêche en mer
43%
De quelle boisson très appréciée en Suède Gevalia, fondée à Gävle en 1853, est-elle une marque célèbre ? Le café
43%
Quel animal de paille géant brûle-t-on chaque année sur la place centrale de Gävle pendant l'Avent, depuis 1966 ? Un bouc
43%
Dans quel pays la ville de Galva, fondée par des immigrés suédoise et jumelée à Gävle qui lui donne son nom, se trouve-t-elle ? Aux Etats-Unis
29%
Quel est le thème du Järnvägsmuseet, principal musée de Gävle ? Les chemins de fer
29%
Quel orthographe était autrefois utilisée et sert encore aujourd'hui à désigner certaines entreprises ainsi que la vieille ville de Gävle ? Gefle
14%
Aucun quiz correspondant
Distribution des résultats
% des personnes avec chaque résultat
Percentile par nombre de réponses
Votre historique - résultats
Vous n’avez pas pris ce quiz